Statistics for Countries that borders Croatia by their official names.

Click here to take the quiz!

General Stats

  • This quiz has been taken 5 times
  • The average score is 4 of 5

Answer Stats

Country% Correct
Bosnia and Herzegovina
100%
Hungary
100%
Montenegro
80%
Republic of Slovenia
80%
Republic of Serbia
60%

Score Distribution

Percentile by Number Answered

Percent of People with Each Score

Your Score History

You have not taken this quiz